000
002290000a22000970004500
100
1
_a
Williams, Stephen
245
1
0
_a
Hope and love social action
300
_a
Vol. 4, Núm 3 (1986), Páginas 2-4
773
0
_t
Evangel
942
_c
ANA
999
_c
54337
_d
54337